[Event "LSS CP-2008-P-00025"]
[Site "LSS email"]
[Date "2008.10.01"]
[Round "?"]
[White "Miranda"]
[Black "Taylor, Mick"]
[Result "1-0"]
[WhiteElo "2009"]
[BlackElo "833"]
[PlyCount "35"]
[EventDate "2008.10.01"]
[EventType "tourn (corr)"]
[EventRounds "6"]
[EventCountry "GER"]
[SourceTitle "Corr 2013"]
[Source "ChessBase"]
[SourceDate "2012.11.12"]
[SourceVersion "1"]
[SourceVersionDate "2012.11.12"]
[SourceQuality "1"]
[WhiteTeam "US of America"]
[BlackTeam "US of America"]
[WhiteTeamCountry "USA"]
[BlackTeamCountry "USA"]

1. d4 d6 2. Nf3 Bg4 3. c4 Nd7 4. Nc3 g6 5. Ng5 Bg7 6. h3 Bf5 7. e4 Bxe4 8. Ngxe4 e5 9. Bg5 Qc8 10. c5 d5 11. Nxd5 b6 12. Ba6 Qd8 13. Bxd8 Rxd8 14. Qf3 Nh6 15. Nxc7+ Kf8 16. Ne6+ Ke8 17. Nxg7+ Kf8 18. Ne6+ 1-0

[Event "LSS CP-2008-P-00025"]
[Site "LSS email"]
[Date "2008.10.01"]
[Round "?"]
[White "Onder, Evren"]
[Black "Taylor, Mick"]
[Result "1-0"]
[WhiteElo "2227"]
[BlackElo "833"]
[PlyCount "35"]
[EventDate "2008.10.01"]
[EventType "tourn (corr)"]
[EventRounds "6"]
[EventCountry "GER"]
[SourceTitle "Corr 2013"]
[Source "ChessBase"]
[SourceDate "2012.11.12"]
[SourceVersion "1"]
[SourceVersionDate "2012.11.12"]
[SourceQuality "1"]
[WhiteTeam "US of America"]
[BlackTeam "US of America"]
[WhiteTeamCountry "USA"]
[BlackTeamCountry "USA"]

1. Nf3 d6 2. d4 c5 3. c4 Nf6 4. d5 Bf5 5. Nc3 g6 6. Nd2 Bg7 7. e4 Bd7 8. Be2 0-0 9. 0-0 e5 10. Rb1 a6 11. b4 Qb6 12. bxc5 Qxc5 13. Rxb7 Qa3 14. Bxa3 Rc8 15. Bxd6 h5 16. Qb3 Bh6 17. Nf3 Bg4 18. Nxe5 1-0

[Event "LSS CP-2008-P-00025"]
[Site "LSS email"]
[Date "2008.10.01"]
[Round "?"]
[White "Taylor, Mick"]
[Black "Jordan, Juergen"]
[Result "0-1"]
[WhiteElo "833"]
[BlackElo "2195"]
[PlyCount "36"]
[EventDate "2008.10.01"]
[EventType "tourn (corr)"]
[EventRounds "6"]
[EventCountry "GER"]
[SourceTitle "Corr 2013"]
[Source "ChessBase"]
[SourceDate "2012.11.12"]
[SourceVersion "1"]
[SourceVersionDate "2012.11.12"]
[SourceQuality "1"]
[WhiteTeam "US of America"]
[BlackTeam "US of America"]
[WhiteTeamCountry "USA"]
[BlackTeamCountry "USA"]

1. d3 e5 2. e4 Nc6 3. Nc3 Bc5 4. Nf3 Nf6 5. Be2 0-0 6. 0-0 d5 7. exd5 Nxd5 8. Nxd5 Qxd5 9. c4 Qd6 10. b3 Bf5 11. Bb2 Rad8 12. Ne1 Qe6 13. Nf3 e4 14. d4 exf3 15. Bxf3 Nxd4 16. h3 Bc2 17. Qd2 Nxf3+ 18. gxf3 Rxd2 0-1

[Event "IECG CN.2002.0.00306 email"]
[Site "IECG email"]
[Date "2002.09.03"]
[Round "?"]
[White "Taylor, Mick"]
[Black "Buscher, Karl"]
[Result "0-1"]
[WhiteElo "400"]
[BlackElo "800"]
[PlyCount "64"]
[EventDate "2002.09.03"]
[EventType "tourn (corr)"]
[EventRounds "6"]
[SourceTitle "Corr 2008"]
[Source "ChessBase"]
[SourceDate "2008.06.24"]
[SourceVersion "1"]
[SourceVersionDate "2008.06.24"]
[SourceQuality "1"]

1. d4 Nf6 2. Nc3 d5 3. Bf4 c6 4. Nf3 Bf5 5. Qd2 e6 6. 0-0-0 Nbd7 7. Ne5 Bb4 8. f3 h5 9. h4 Qa5 10. a3 Bxa3 11. bxa3 Qxa3+ 12. Kb1 Qb3+ 13. Kc1 Qa3+ 14. Kb1 Qb3+ 15. Ka1 Bxc2 16. Rc1 Qa3+ 17. Na2 Bb3 18. Nxd7 Kxd7 19. e3 Bxa2 20. Qxa2 Qxc1+ 21. Qb1 Qxb1+ 22. Kxb1 a5 23. Bd3 a4 24. Kb2 b5 25. Ra1 Ne8 26. Be5 Nd6 27. Bxg7 Rhg8 28. Be5 Rxg2+ 29. Bc2 Nc4+ 30. Kc3 b4+ 31. Kxb4 Rxc2 32. Rxa4 Rb2+ 0-1

[Event "IECG CN.2002.0.00306 email"]
[Site "IECG email"]
[Date "2002.09.03"]
[Round "?"]
[White "Taylor, Mick"]
[Black "Nouveau, Laurent"]
[Result "1/2-1/2"]
[WhiteElo "400"]
[BlackElo "800"]
[PlyCount "48"]
[EventDate "2002.09.03"]
[EventType "tourn (corr)"]
[EventRounds "6"]
[SourceTitle "Corr 2008"]
[Source "ChessBase"]
[SourceDate "2008.06.24"]
[SourceVersion "1"]
[SourceVersionDate "2008.06.24"]
[SourceQuality "1"]

1. e4 c6 2. d4 d5 3. e5 Bf5 4. Nf3 e6 5. Bd3 Bxd3 6. Qxd3 Qb6 7. 0-0 Qa6 8. Qxa6 Nxa6 9. Nc3 Nb8 10. Bd2 c5 11. Nb5 Kd7 12. Ng5 Nh6 13. a3 Nc6 14. b4 Nxd4 15. Nxd4 cxd4 16. Rad1 Rc8 17. Rc1 Be7 18. h4 Bxg5 19. hxg5 Nf5 20. g4 Nh4 21. f3 Rc4 22. f4 d3 23. cxd3 Rxc1 24. Bxc1 Rc8 1/2-1/2